000 00759cab a2200253 4500
001 WB2921-32
008 090401t1993 xxu||||| |||| 00| 0 eng d
035 _a(Sirsi) u42834
041 _aeng
245 _aSwedish state takes on property
260 _c1993
350 _a0
490 _aFinancial Times
_v2 June 1993, 3(1)
520 _aThe Swedish government is set to play a major role in the European property market as it considers taking over its banks` damaged property portfolios.
650 _aGOTABANK
650 _aNORDBANKEN
650 _aP2
650 _aPROPERTY DEBT
650 _aSWEDEN
690 _aPROPERTY-COMMERCIAL PROPERTY-COMMERCIAL PROPERTY MARKET
690 _aOVERSEAS-EUROPE
942 _n0
948 _c04/03/1997
999 _c27399
_d27399